[Event "IHEM"]
[Site "Hamburg GER"]
[Date "2002.05.24"]
[Round "7"]
[White "Hector,J"]
[Black "Rogozenko,D"]
[Result "1/2-1/2"]
[WhiteElo "2513"]
[BlackElo "2518"]

1.e4 c5 2.Nf3 Nc6 3.Nc3 e5 4.Bc4 d6 5.d3 Be7 6.Nd2 Nf6 7.Nf1 Bg4 8.f3 Be6
9.Ne3 O-O 10.O-O Rb8 11.a3 Nd4 12.Ba2 b5 13.Bd2 a5 14.Ncd5 Nxd5 15.Nxd5 Bg5
16.f4  1/2-1/2

[Event "Guillermo Garcia TORRE"]
[Site "Santa Clara CUB"]
[Date "2002.05.24"]
[Round "6"]
[White "Gonzalez,Y"]
[Black "Zambrana,O"]
[Result "1/2-1/2"]
[WhiteElo "2444"]
[BlackElo "2389"]

1.e4 c5 2.Nf3 Nc6 3.Nc3 Nf6 4.Bb5 e5 5.O-O d6 6.d3 Be7 7.Nd2 O-O 8.Bxc6 bxc6
9.Nc4 Nd7 10.f4 exf4 11.Bxf4 Nb6 12.Qf3 Be6 13.Ne3 d5 14.Ne2 c4 15.dxc4 Nxc4
16.Nxc4 dxc4 17.Kh1 Bc5 18.Qg3 Qe7 19.h3 f6 20.Rad1 Bf7 21.Nc3 Rfd8 22.e5 Rxd1
23.Rxd1 fxe5 24.Bxe5 Bg6 25.Bd6 Bxd6 26.Qxd6 Qxd6 27.Rxd6 Bxc2 28.Rxc6 Bd3
29.Nd5 Kf8 30.Nf4 Rb8 31.Nxd3 cxd3 32.b3 Ke7 33.Rc1 Ke6 34.Kg1 Kd5 35.Kf2 Re8
36.Re1 Rc8 37.Ke3 Rc2 38.Kxd3 Rxa2 39.g4  1/2-1/2

[Event "Spring"]
[Site "Tel Aviv ISR"]
[Date "2002.05.26"]
[Round "8"]
[White "Zalkind,K"]
[Black "Porat,S"]
[Result "0-1"]
[WhiteElo "2260"]
[BlackElo "2382"]

1.e4 c5 2.Nc3 Nc6 3.Bb5 Nd4 4.Bc4 e6 5.Nge2 Nxe2 6.Qxe2 d6 7.d3 a6 8.a4 Be7
9.O-O Nf6 10.f4 O-O 11.f5 exf5 12.exf5 Re8 13.Qf3 Rb8 14.g4 Nd7 15.Bf4 Ne5
16.Bxe5 dxe5 17.Ne4 Qd4+ 18.Kh1 b5 19.c3 Qd8 20.axb5 axb5 21.Bb3 Bb7 22.Rae1 Qd7
23.f6 gxf6 24.g5 Rbd8 25.gxf6 Bf8 26.Rg1+ Kh8 27.Qh5 c4 28.Rg4 Qxd3 29.Qg5 Qf3+
30.Rg2 Bh6 31.Qxh6 Rg8  0-1

[Event "Spring"]
[Site "Tel Aviv ISR"]
[Date "2002.05.27"]
[Round "9"]
[White "Deutsch,E"]
[Black "Lerner,K"]
[Result "1/2-1/2"]
[WhiteElo "2224"]
[BlackElo "2559"]

1.e4 c5 2.Nc3 Nc6 3.Bb5 Nd4 4.Bc4 e6 5.Nge2 Ne7 6.Nxd4 cxd4 7.Ne2 Nc6 8.O-O Be7
9.d3 O-O 10.a3 Kh8 11.f4 d5 12.exd5 exd5 13.Bb3 f5 14.Re1 Be6 15.Kh1  1/2-1/2

[Event "Spring"]
[Site "Tel Aviv ISR"]
[Date "2002.05.29"]
[Round "11"]
[White "Deutsch,E"]
[Black "Kaplivatski,A"]
[Result "0-1"]
[WhiteElo "2224"]
[BlackElo "2234"]

1.e4 c5 2.Nc3 Nc6 3.Bb5 g6 4.Nf3 Bg7 5.O-O e5 6.d3 Nge7 7.Be3 d6 8.Qd2 O-O
9.Bc4 Nd4 10.Ne1 Bd7 11.Nd5 Nxd5 12.Bxd5 Be6 13.Bxe6 Nxe6 14.Bh6 f5 15.Bxg7 Kxg7
16.exf5 Rxf5 17.c3 Qh4 18.g3 Qh3 19.f3 Raf8 20.Rd1 Ng5 21.Qg2 Qh6 22.d4 cxd4
23.cxd4 Nxf3+ 24.Rxf3 Rxf3 25.Nxf3 Qe3+ 26.Qf2 Qxf3 27.Qxf3 Rxf3 28.dxe5 dxe5
29.Rd6 e4 30.Re6 e3 31.b4 Kf7 32.Re4 Kf6 33.a4 h5 34.Re8 Kf5 35.Kg2 Rf2+
36.Kg1 Rb2 37.Rxe3 Rxb4 38.Re7 Rb2 39.h3 a5 40.Kf1 Kf6 41.Rc7 b6 42.Kg1 Ke5
43.Rg7 Kf5 44.Rf7+ Ke5 45.Rg7 Kf5 46.Rf7+ Kg5 47.Rf4 h4 48.Rg4+ Kf5 49.Rf4+ Ke5
50.Rxh4 Rb4 51.Rh6 Kf5 52.h4 Rxa4 53.h5 Rg4 54.Kf2 b5 55.Kf3 a4 56.Rh8 gxh5
57.Rxh5+ Rg5 58.g4+ Kf6 59.Rh6+ Ke5 60.Rb6 Kd4 61.Kf4 Kc5 62.Rb8 Rg7 63.Kf5 a3
64.g5 b4 65.Ra8 Kc4 66.Kf6 Rb7 67.g6 Kb3  0-1

[Event "Panam U20"]
[Site "La Paz BOL"]
[Date "2002.06.06"]
[Round "2"]
[White "Cabrera,A"]
[Black "Roldan,R"]
[Result "1/2-1/2"]
[WhiteElo "2462"]
[BlackElo "2263"]

1.e4 c5 2.Nf3 Nc6 3.Nc3 Nf6 4.d4 cxd4 5.Nxd4 e5 6.Ndb5 d6 7.Nd5 Nxd5 8.exd5 Nb8
9.c4 a6 10.Nc3 Be7 11.Be2 O-O 12.O-O Nd7 13.f4 f5 14.Kh1 Bf6 15.Qc2 b6 16.g4 fxg4
17.Bxg4 exf4 18.Be6+ Kh8 19.Bxf4 Ne5 20.Ne4 Qe7 21.Bxe5 Bxe5 22.Ng5 g6 23.Rf7 Rxf7
24.Nxf7+ Kg7 25.Nxe5 Bxe6 26.Nc6 Qc7 27.Re1 Re8 28.Qc3+ Kg8 29.Kg1 Bf7 30.Rxe8+ Bxe8
31.Qf3 Qf7 32.Qe4 Kf8 33.Qd4 Bxc6 34.dxc6 Qe7 35.Qh8+ Kf7 36.Qxh7+ Kf6 37.Qh4+ Ke6
38.Qd4 Qg5+ 39.Kf2 Qf5+ 40.Ke3 Qh3+ 41.Kd2 Qxh2+ 42.Kd3 Qg3+ 43.Kc2 Qg2+
44.Kb3 Qxc6 45.Qg4+ Kf6 46.Qf4+ Kg7 47.Qd4+ Kh7 48.Qh4+ Kg8 49.Qd8+ Kf7 50.a3 b5
51.cxb5 axb5 52.Ka2 d5 53.Qb8 Qc4+ 54.Ka1 Kf6 55.Qd8+ Kf5 56.Qd7+ Kg5 57.Qe7+ Kf4
58.Qf6+ Ke3 59.Qg5+ Ke2 60.Qg2+ Ke1 61.Qg3+ Kd1 62.Qg1+ Kc2 63.Qf2+ Kb3 64.Qe3+ Kc2
65.Qf2+ Kd3 66.Qg3+ Kd2 67.Qg2+ Ke1 68.Qg3+ Kf1 69.Qf3+ Ke1 70.Qg3+ Ke2  1/2-1/2

[Event "Open"]
[Site "Lido Estensi ITA"]
[Date "2002.06.07"]
[Round "1"]
[White "Galego,L"]
[Black "Troffiguer,O"]
[Result "1-0"]
[WhiteElo "2532"]
[BlackElo "2148"]

1.e4 c5 2.Nf3 Nc6 3.Nc3 d6 4.g3 g6 5.Bg2 Bg7 6.d3 e6 7.h4 h6 8.Be3 Nd4 9.Qd2 Ne7
10.Nh2 e5 11.Nd1 Be6 12.c3 Ndc6 13.O-O Qd7 14.f4 O-O-O 15.Nf2 exf4 16.gxf4 f5
17.Rfd1 g5 18.fxg5 hxg5 19.Bxg5 Rdg8 20.Nf3 Ne5 21.Nxe5 dxe5 22.Qe3 b6 23.exf5 Bd5
24.Bxd5 Nxd5 25.Qe4 Bf6 26.Nh3 Rxh4 27.Qxh4 Bxg5 28.Nxg5 Qxf5 29.Rd2 Rxg5+
30.Rg2 Rxg2+ 31.Kxg2 Nf4+ 32.Kh1 Qxd3 33.Qg4+ Kb7 34.Re1 Qd5+ 35.Kg1 Qxa2
36.Rxe5 Qb1+ 37.Kh2 Nd3 38.Qd7+ Ka6 39.Qa4+ Kb7 40.Re7+  1-0

[Event "Open"]
[Site "Lido Estensi ITA"]
[Date "2002.06.11"]
[Round "4"]
[White "Jaracz,B"]
[Black "Opacic,A"]
[Result "1-0"]
[WhiteElo "2288"]
[BlackElo "2098"]

1.e4 c5 2.Nf3 Nc6 3.Nc3 g6 4.d4 cxd4 5.Nxd4 Bg7 6.Be3 d6 7.Qd2 Bd7 8.Bc4 Rc8
9.Bb3 Ne5 10.O-O-O Nc4 11.Bxc4 Rxc4 12.f3 a6 13.Nde2 b5 14.Nd5 Be6 15.Bd4 Nf6
16.Nxf6+ exf6 17.b3 Rc8 18.Bc3 O-O 19.Qxd6 Qe8 20.Bb2 Rc6 21.Qd3 Qc8 22.Kb1 a5
23.Nd4 Bc4 24.Nxc6 Qxc6 25.bxc4 bxc4 26.Qc3 Rb8 27.Rd5 Bf8 28.Rhd1 Be7 29.a3 Kg7
30.Ka2 Kh6 31.g4 Qa4 32.g5+  1-0

[Event "3rd IECC"]
[Site "Batumi GEO"]
[Date "2002.06.12"]
[Round "1"]
[White "Baklan,V"]
[Black "Dzhakaev,D"]
[Result "1-0"]
[WhiteElo "2618"]
[BlackElo "2425"]

1.e4 c5 2.Nf3 Nc6 3.Nc3 e5 4.Bc4 Be7 5.d3 d6 6.Nd2 Nf6 7.Nf1 Bg4 8.f3 Be6
9.Ne3 Nd4 10.O-O O-O 11.a4 Kh8 12.Bd2 Rb8 13.Kh1 b6 14.Rf2 Nh5 15.g3 g6 16.Ncd5 Ng7
17.c3 Nc6 18.Bb5 Bd7 19.Nc4 f5 20.Bh6 Rf7 21.f4 fxe4 22.dxe4 Bf8 23.Bg5 Qc8
24.Kg1 exf4 25.Rxf4 Rxf4 26.Bxf4 a6 27.Ndxb6  1-0

[Event "3rd IECC"]
[Site "Batumi GEO"]
[Date "2002.06.14"]
[Round "3"]
[White "Radulski,J"]
[Black "Bae,T"]
[Result "1/2-1/2"]
[WhiteElo "2501"]
[BlackElo "2314"]

1.e4 c5 2.Nc3 Nc6 3.Nf3 Nf6 4.d4 cxd4 5.Nxd4 e5 6.Nf3 Bb4 7.Bc4 d6 8.O-O Be6
9.Nd5 Nxe4 10.Qe2 Bxd5 11.Bxd5 Nf6 12.Bg5 O-O 13.Rad1 h6 14.Bxf6 Qxf6 15.Qe4 Bc5
16.c3 a5 17.Bxc6 bxc6 18.Qxc6 Qe7 19.Nd2 Rab8 20.b3 f5 21.Nc4 Rf6 22.Qd5+ Kh7
23.Nxa5 Rb5 24.Qa8 e4 25.Nc6 Qc7 26.Qe8 d5 27.Ne7 Qxe7 28.Qxb5 Rg6 29.b4 Qh4
30.Qxc5 Rxg2+  1/2-1/2

[Event "3rd IECC"]
[Site "Batumi GEO"]
[Date "2002.06.15"]
[Round "4"]
[White "Mamedov,N"]
[Black "Krasenkow,M"]
[Result "1/2-1/2"]
[WhiteElo "2463"]
[BlackElo "2641"]

1.e4 c5 2.Nf3 Nc6 3.Nc3 e5 4.Bc4 Be7 5.d3 d6 6.Nd2 Nf6 7.Nf1 Nd7 8.Ne3 Nb6
9.O-O Bg5 10.Ned5 Bxc1 11.Qxc1 Nxc4 12.dxc4 O-O 13.Ne2 Be6 14.Qd2 a6 15.a4 Nd4
16.a5 Bxd5 17.cxd5 f5 18.exf5 Nxe2+ 19.Qxe2 Rxf5 20.Ra4 Qd7 21.b3 Raf8 22.f3 Qc7
23.Rfa1 Rf4 24.Re4 Qf7 25.Rd1 Qg6 26.Rd3 Qg5 27.Rde3 h5 28.Rxf4 Qxf4 29.Re4 Qc1+
30.Kf2 Rf6 31.Qd3 Qa1 32.Ra4 Qb1 33.Re4 Kf7 34.Rh4 g6 35.Re4 Kg7 36.Re1 Qb2
37.g3 Rf7 38.Kg2 Qd4 39.Re4 Qxd3 40.cxd3 Kf6 41.b4 cxb4 42.Rxb4 Rc7 43.Rb6 Ke7
44.Kf2 Rc5 45.Rxb7+ Kf6  1/2-1/2

[Event "Open"]
[Site "Lido Estensi ITA"]
[Date "2002.06.15"]
[Round "8"]
[White "Jaracz,B"]
[Black "Lamoureux,I"]
[Result "1/2-1/2"]
[WhiteElo "2288"]
[BlackElo "2039"]

1.e4 c5 2.Nf3 Nc6 3.Nc3 Nf6 4.Bc4 Nxe4 5.Bxf7+ Kxf7 6.Nxe4 d5 7.Ng3 e5 8.d3 Be7
9.Qe2 Bf6 10.O-O Re8 11.c3 Kg8 12.Bd2 Be6 13.h3 Bf7 14.Nh2 Bg6 15.Ng4 Bh4
16.Rad1 Qd7 17.Bc1 Re7 18.Qd2 Rf8  1/2-1/2

[Event "3rd IECC"]
[Site "Batumi GEO"]
[Date "2002.06.16"]
[Round "5"]
[White "Haznedaroglu,K"]
[Black "Kinsic,O"]
[Result "1-0"]
[WhiteElo "2345"]
[BlackElo "2158"]

1.e4 c5 2.Nf3 Nc6 3.Nc3 Nf6 4.d4 cxd4 5.Nxd4 e5 6.Ndb5 d6 7.Bg5 a6 8.Na3 b5
9.Bxf6 gxf6 10.Nd5 Bg7 11.g3 f5 12.Bg2 fxe4 13.Bxe4 Be6 14.Qh5 Ra7 15.O-O Ne7
16.Rad1 Nxd5 17.Bxd5 O-O 18.c4 Qc8 19.cxb5 Qc5 20.Bxe6 fxe6 21.Qg4 Re7 22.Nc4 d5
23.Nxe5 Qxb5 24.b3 Rf5 25.Rfe1 Qb6 26.Nd3 Ref7 27.Kh1 h5 28.Qg6 R7f6 29.Qe8+ Kh7
30.f4 Rg6 31.Qe7 Kh6 32.Qc5 Qb7 33.Ne5 h4 34.Qc6 Qxc6 35.Nxc6 hxg3 36.Ne7 Rh5
37.Nxg6 Rxh2+ 38.Kg1 Kxg6 39.Rxe6+ Kf5 40.Re3 Rxa2 41.Rxg3 Bf6 42.Rxd5+ Kxf4
43.Rgd3 Ke4 44.Rd7 Rb2 45.Rh3 Rb1+ 46.Kf2 Rb2+ 47.Ke1 a5 48.Rd6 Be5 49.Rd2 Rb1+
50.Ke2 Bf4 51.Rc2 Be5 52.Rc4+ Kd5 53.Rd3+ Ke6 54.Rc6+ Kf5 55.Rc5 Rb2+ 56.Kf3 Rh2
57.Rxa5 Kf6 58.Ke4 Rh4+ 59.Kd5 Bb2 60.Ra6+ Kg5 61.Kc5 Rf4 62.Rd5+ Kg4 63.Ra4  1-0

[Event "3rd IECC"]
[Site "Batumi GEO"]
[Date "2002.06.17"]
[Round "6"]
[White "Yegiazarian,A"]
[Black "Cheparinov,I"]
[Result "0-1"]
[WhiteElo "2567"]
[BlackElo "2457"]

1.e4 c5 2.Nc3 Nc6 3.Nf3 g6 4.d4 cxd4 5.Nxd4 Bg7 6.Be3 Nf6 7.Bc4 O-O 8.Bb3 d6
9.f3 Bd7 10.Qd2 Nxd4 11.Bxd4 b5 12.a3 a5 13.Nd5 Nxd5 14.Bxg7 Kxg7 15.exd5 Rc8
16.h4 h6 17.O-O-O b4 18.Qd4+ Kg8 19.axb4 axb4 20.Qxb4 Rb8 21.Qc3 Qb6 22.Rd4 Rfc8
23.Rc4 e5 24.Re1 Rxc4 25.Bxc4 Ra8 26.b3 Qf2 27.h5 gxh5 28.Kb2 Bf5 29.Bb5 h4
30.Re2 Qg1 31.Ba4 Kh7 32.Qb4 Rg8 33.Qd2 Rg3 34.Rf2 Qh1 35.Bb5 h3 36.gxh3 Rxf3
37.Rh2 Qg1 38.h4 Rf4 39.Bc4 Qg3 40.h5 Be4 41.Re2 Bf3 42.Re3 Qg7 43.Qc3 Bxh5
44.Bd3+ f5 45.Bc4 Bg6 46.b4 Rg4 47.b5 f4 48.Rh3 Qa7 49.Rh1 Rg3 50.Bd3 Bxd3
51.cxd3 Rg2+ 52.Kc1 Rg7 53.Kb2 Rc7 54.Qd2 Qd4+ 55.Ka3 Rc3+  0-1

[Event "ISYG-W16"]
[Site "Moscow RUS"]
[Date "2002.06.18"]
[Round "1"]
[White "Andriasian,S"]
[Black "Tashimova,N"]
[Result "1-0"]
[WhiteElo "2090"]
[BlackElo "2196"]

1.e4 c5 2.Nc3 Nc6 3.Bb5 d6 4.Bxc6+ bxc6 5.d3 e5 6.Be3 Be7 7.Nge2 Nf6 8.h3 d5
9.Bd2 Bd6 10.O-O O-O 11.b3 Ba6 12.Ng3 c4 13.Bg5 d4 14.Nce2 cxd3 15.cxd3 h6
16.Bc1 Nd7 17.Nf5 Be7 18.Neg3 Nf6 19.f4 Bd6 20.Nxd6 Qxd6 21.Nf5 Qe6 22.fxe5 Qxe5
23.Bf4 Qb5 24.Rf3 Nh5 25.Bxh6 gxh6 26.Rg3+  1-0

[Event "6th Open"]
[Site "Voronezh RUS"]
[Date "2002.06.19"]
[Round "7"]
[White "Rodchenkov,V"]
[Black "Gasanov,E"]
[Result "0-1"]
[WhiteElo "2267"]
[BlackElo "2454"]

1.e4 c5 2.Nf3 Nc6 3.Nc3 e5 4.Bc4 d6 5.d3 Be7 6.O-O Bg4 7.h3 Bh5 8.Nd5 Nf6
9.g4 Bg6 10.Ne3 h5 11.Nh4 hxg4 12.Nxg6 fxg6 13.hxg4 Qd7 14.c3 Rh4 15.f3 O-O-O
16.Ng2 Rh3 17.Bf7 Rdh8 18.Bxg6 Qd8 19.Be3 Nd7 20.Kf2 Rh2 21.Rg1 Nf8 22.Bf7 Bh4+
23.Ke2 Qf6 24.Qb3 Nd8 25.Bd5 Nfe6 26.Raf1 Bg5 27.Kd1 R8h3 28.Bxg5 Nxg5 29.f4 Nf3
30.fxe5 Qxe5 31.Ne1 Qf4  0-1

[Event "3rd IECC"]
[Site "Batumi GEO"]
[Date "2002.06.20"]
[Round "8"]
[White "Yegiazarian,A"]
[Black "Olcayoz,A"]
[Result "0-1"]
[WhiteElo "2567"]
[BlackElo "2294"]

1.e4 c5 2.Nc3 Nc6 3.Bb5 d6 4.Bxc6+ bxc6 5.f4 g6 6.Nf3 Bg7 7.d3 Nh6 8.O-O f6
9.Kh1 Nf7 10.d4 cxd4 11.Nxd4 c5 12.Nde2 f5 13.exf5 gxf5 14.Ng3 e6 15.Nh5 Bxc3
16.bxc3 Bb7 17.Rb1 Bc6 18.Be3 Rg8 19.Ng3 Qh4 20.Qe1 Qh3 21.Qf2 h5 22.Rg1 Rg4
23.Rbd1  0-1

[Event "3rd IECC"]
[Site "Batumi GEO"]
[Date "2002.06.22"]
[Round "10"]
[White "Guseinov,K"]
[Black "Petrov,M"]
[Result "1/2-1/2"]
[WhiteElo "2510"]
[BlackElo "2469"]

1.e4 c5 2.Nf3 Nc6 3.Nc3 e5 4.Bc4 d6 5.d3 Be7 6.Nd2 Bg5 7.h4 Bxd2+ 8.Bxd2 Nf6
9.Bg5 Be6 10.Nd5 Bxd5 11.exd5 Na5 12.Bb5+ Kf8 13.c4 a6 14.Ba4 b5 15.cxb5 Qb6
16.Bxf6 gxf6 17.Qh5 axb5 18.Bd1 c4 19.Qf5 Rg8 20.Qxf6 Nb3 21.Bxb3 cxb3 22.O-O bxa2
23.Rfc1 Rg6 24.Qh8+ Rg8 25.Qxh7 Rg6 26.Qh8+ Rg8 27.Qh7 Qd4 28.Qh6+ Ke8 29.Qxd6 Rg6
30.Qc5 Qxb2 31.h5 Rf6 32.d6 Rd8 33.Re1 Re6 34.h6 Rxh6 35.Rxe5+ Re6 36.Qxb5+ Qxb5
37.Rxb5 Re2 38.Rb6 Rc8 39.Ra6 Rcc2 40.Rf1 Rb2 41.g3 Rb1 42.Kg2 Rxf1 43.Kxf1 Rd2
44.Kg2 Kd7 45.g4 f6 46.Ra3 Kxd6 47.Kf3 Kc5 48.Ke3 Kb4 49.Ra7 Rb2 50.f4 Kb3
51.Ke4 Rc2 52.Kf5 Rc6 53.g5 fxg5 54.fxg5 Rc5+ 55.Kf6 Rd5  1/2-1/2

[Event "TSGM June"]
[Site "Belgrade YUG"]
[Date "2002.06.23"]
[Round "9"]
[White "Andonov,B"]
[Black "Ivanisevic,I"]
[Result "0-1"]
[WhiteElo "2364"]
[BlackElo "2547"]

1.e4 c5 2.Nc3 Nc6 3.Nge2 g6 4.d4 cxd4 5.Nxd4 Bg7 6.Nde2 h5 7.h3 h4 8.Be3 Nf6
9.Nf4 b5 10.a3 Rb8 11.Bd3 a5 12.O-O b4 13.axb4 axb4 14.Na4 Ne5 15.Ba7 Rb7
16.Bd4 d6 17.Bxe5 dxe5 18.Ne2 O-O 19.b3 Rd7 20.Qe1 Rxd3 21.cxd3 Qxd3 22.Nc5 Qb5
23.Rc1 Nd7 24.Nxd7 Bxd7 25.Qd2 Be6 26.Rb1 Kh7 27.Rfd1 Bh6 28.Qb2 Rc8 29.Kh1 Rc5
30.f4 Qc6 31.fxe5 Bxh3 32.Nd4 Qxe4 33.Qf2 Rc3 34.Qxf7+ Bg7 35.Nf3 Bxg2+ 36.Kxg2 Qg4+  0-1

[Event "ISYG-W16"]
[Site "Moscow RUS"]
[Date "2002.06.23"]
[Round "6"]
[White "Andriasian,S"]
[Black "Tomilova,E"]
[Result "1-0"]
[WhiteElo "2090"]
[BlackElo "2311"]

1.e4 c5 2.Nc3 Nc6 3.Bb5 Nd4 4.Bc4 g6 5.Nf3 Bg7 6.Nxd4 cxd4 7.Qf3 e6 8.Nb5 d6
9.Qg3 Be5 10.f4 Bf6 11.Qa3 Be7 12.Qd3 e5 13.O-O a6 14.fxe5 axb5 15.Bxf7+ Kd7
16.Qxd4 Nh6 17.exd6 Bh4 18.d3 Ng4 19.e5 Ra4 20.c4 Bf2+ 21.Rxf2 Nxf2 22.e6+ Kc6
23.Qd5+  1-0

[Event "ISYG-M16"]
[Site "Moscow RUS"]
[Date "2002.06.23"]
[Round "6"]
[White "Savchenko,B"]
[Black "Ilarionovs,D"]
[Result "1-0"]
[WhiteElo "2313"]
[BlackElo "2190"]

1.e4 c5 2.Nc3 Nc6 3.Nf3 d6 4.d4 cxd4 5.Nxd4 Nf6 6.Bg5 e6 7.Qd2 Be7 8.O-O-O Nxd4
9.Qxd4 O-O 10.f4 Qa5 11.Be2 Rd8 12.Qe3 Bd7 13.e5 dxe5 14.fxe5 Nd5 15.Nxd5 Bxg5
16.Qxg5 exd5 17.Kb1 Re8 18.Rhf1 Bc6 19.Bh5 g6 20.Bf3 d4 21.Bxc6 bxc6 22.Rde1 Qd5
23.h4 d3 24.cxd3 Qxd3+ 25.Ka1 Rad8 26.h5 Re6 27.a3 Qd2 28.Qg4 Rb8 29.Re2 Qd5
30.Qf4 Rf8 31.hxg6 Rxg6 32.Rd2 Qe6 33.Rd6 Qg4 34.Rxg6+ Qxg6 35.Rf3 Kh8 36.Rg3 Qe6
37.Qg5 Qg6 38.Qe3 Qe6 39.Qxa7 Qxe5 40.Qf2 f6 41.Rc3 Rd8 42.Qc5 Qe6 43.Rc1 Rd6
44.Qb4 Kg7 45.Qb7+ Kg6 46.Qb4 Kg7 47.Qf4 Kg6 48.Rh1 h5 49.Qg3+ Kh6 50.Qf3 Qd5
51.Qf4+ Kg6 52.Qg3+ Kh6 53.Qe3+ Kg6 54.Qe8+ Kh6 55.Re1 Qd2 56.g4 hxg4 57.Rh1+ Kg5
58.Qh5+ Kf4 59.Rf1+ Ke3 60.Qxg4 Qh2 61.Re1+ Kd2 62.Qd1+  1-0

[Event "13th Open"]
[Site "Ljubljana SLO"]
[Date "2002.06.26"]
[Round "5"]
[White "Podlesnik,B"]
[Black "Eljanov,P"]
[Result "0-1"]
[WhiteElo "2385"]
[BlackElo "2561"]

1.e4 c5 2.Nf3 Nc6 3.Nc3 Nf6 4.d4 cxd4 5.Nxd4 e5 6.Ndb5 d6 7.Bg5 a6 8.Na3 b5
9.Nd5 Be7 10.Bxf6 Bxf6 11.c4 b4 12.Nc2 a5 13.Be2 O-O 14.O-O Bg5 15.Qd3 Rb8
16.b3 Be6 17.Rad1 Kh8 18.Nde3 Qb6 19.Nf5 Rfd8 20.Qg3 Bxf5 21.exf5 Bf4 22.Qh4 f6
23.Bf3 Ne7 24.Qh5 d5 25.cxd5 Nc8 26.Rd3 Nd6 27.Be2 Ne4 28.Ne3 Nxf2 29.Kxf2 e4
30.Qg4 exd3 31.Qxf4 dxe2 32.Kxe2 a4 33.Nc4 Qa6 34.Qd2 axb3 35.axb3 Rb5 36.Rd1 Rbxd5
37.Qxd5 Rxd5 38.Rxd5 h5 39.h4 Qa8 40.Ne3 Qa2+ 41.Rd2 Qxb3 42.Rd3 Qa2+ 43.Rd2 Qa6+
44.Kf2 b3 45.Rb2 Qa1  0-1

[Event "Match Olympiad Hopes Schev"]
[Site "Belgrade YUG"]
[Date "2002.06.27"]
[Round "2"]
[White "Kovacevic,A"]
[Black "Djukic,Ni"]
[Result "1-0"]
[WhiteElo "2547"]
[BlackElo "2434"]

1.e4 c5 2.Nc3 Nc6 3.Bb5 Nd4 4.Bc4 e6 5.Nge2 Ne7 6.Nxd4 cxd4 7.Nb5 Nc6 8.c3 Bc5
9.b4 Be7 10.a3 O-O 11.O-O Bf6 12.Bb2 d5 13.exd5 exd5 14.Be2 Bf5 15.Nxd4 Nxd4
16.cxd4 Qb6 17.Qb3 Bxd4 18.Bxd4 Qxd4 19.Qc3 Qb6 20.Qc5 Qxc5 21.bxc5 d4 22.Bf3 Rac8
23.Rac1 Rc7 24.Rfe1 Rd8 25.g4 Be6 26.Kg2 Kf8 27.Kg3 Bd5 28.Re5 Bxf3 29.Kxf3 f6
30.Rf5 Ke7 31.Rh5 h6 32.Ke4 Rc6 33.Rd5 Re6+ 34.Kxd4 Re2 35.d3 Rxd5+ 36.Kxd5 Kd7
37.Rb1 Kc7 38.Rf1 Ra2 39.d4 Kd7 40.h4 Rxa3 41.h5 Ra5 42.f4 Ra2 43.Rb1 Kc8
44.Kd6 Rf2 45.Re1 Kd8 46.d5 Rd2 47.Ra1 a6 48.c6 bxc6 49.Kxc6 Rd4 50.Rxa6 Rc4+
51.Kd6 Kc8 52.Rc6+  1-0

[Event "1st GM"]
[Site "Bogny sur Meuse FRA"]
[Date "2002.06.27"]
[Round "1"]
[White "Dunis,A"]
[Black "Tirard,H"]
[Result "0-1"]
[WhiteElo "2405"]
[BlackElo "2401"]

1.e4 c5 2.Nc3 Nc6 3.Bb5 Nd4 4.Bc4 g6 5.Nf3 Bg7 6.Nxd4 cxd4 7.Qf3 Nh6 8.Ne2 f5
9.d3 Ng4 10.Qg3 e6 11.exf5 Qa5+ 12.Bd2 Qxf5 13.h3 Nh6 14.Bxh6 Bxh6 15.Nxd4 Qf6
16.c3 O-O 17.O-O Kh8 18.Ne2 d5 19.Bb3 Bd7 20.f4 a6 21.Qe3 Rf7 22.Rf3 Raf8
23.Raf1 Qe7 24.Nd4 Re8 25.g3 Qf8 26.Qf2 Qd6 27.Kg2 Ref8 28.Qe3 Bg7 29.h4 a5
30.h5 gxh5 31.Rh1 a4 32.Bd1 Qb6 33.Qf2 Bxd4 34.cxd4 Rf5 35.Qe3 Qxb2+ 36.Rf2 Qb6
37.Rxh5 Qd6 38.Rf1 Be8 39.Rh6 Bg6 40.Bg4 R5f6 41.Qe5 Qc6 42.Be2 Kg8 43.Rhh1 Qa6
44.Qe3 b5 45.Rb1 Qb6 46.Rb4 Be8 47.Rh4 Qd6 48.a3 Qe7 49.Rg4+ Rg6 50.Rxg6+ hxg6
51.Bg4 Bd7 52.Qe5 Kf7 53.Rb1 Qf6 54.Qc7 Qd8 55.Qa7 Kf6 56.Rc1  0-1

[Event "Milivoj Petrov Mem"]
[Site "Pancevo YUG"]
[Date "2002.06.27"]
[Round "4"]
[White "Colovic,A"]
[Black "Halkias,S"]
[Result "0-1"]
[WhiteElo "2362"]
[BlackElo "2566"]

1.e4 c5 2.Nf3 Nc6 3.Nc3 e6 4.Bb5 Nge7 5.O-O d6 6.d4 cxd4 7.Nxd4 Bd7 8.Bg5 h6
9.Bh4 Qb6 10.Nb3 a6 11.Be2 Ne5 12.a4 g5 13.a5 Qc7 14.Bg3 N7g6 15.Qd2 Be7
16.Bh5 Rg8 17.Be2 O-O-O 18.Na4 Bc6 19.Qe3 Nf4 20.Bd3 f5 21.Nb6+ Kb8 22.Nd4 Bf6
23.Nxc6+ Qxc6 24.Rfc1 h5 25.Bf1 h4 26.Bxf4 gxf4 27.Qb3 f3 28.Ra4 fxe4 29.Nc4 Rxg2+
30.Bxg2 Rg8 31.Nxe5 Rxg2+ 32.Kh1 Bxe5 33.Qb6 Rxh2+ 34.Kg1 Rg2+ 35.Kf1 Bh2
36.Qd8+ Ka7 37.Qb6+ Qxb6 38.axb6+ Kxb6  0-1

[Event "Open"]
[Site "Velika Gorica CRO"]
[Date "2002.06.27"]
[Round "6"]
[White "Kristovic,M"]
[Black "Soldo,R"]
[Result "1-0"]
[WhiteElo "2328"]
[BlackElo "2115"]

1.e4 c5 2.Nf3 Nc6 3.Nc3 g6 4.h4 h5 5.d4 cxd4 6.Nxd4 Bg7 7.Be3 Nf6 8.Be2 O-O
9.Qd2 d5 10.exd5 Nxd5 11.Nxd5 Qxd5 12.Bf3 Qa5 13.Nxc6 Qxd2+ 14.Bxd2 bxc6
15.O-O-O Rb8 16.Bc3 Bxc3 17.bxc3 Be6 18.a4 Rb6 19.Rhe1 Rfb8 20.Re5 Rb1+ 21.Kd2 Rd8+
22.Ke1 Rbxd1+ 23.Bxd1 Rd5 24.Re4 Rc5 25.Kd2 Kf8 26.g3 Rf5 27.f4 a5 28.Be2 Rd5+
29.Ke3 Bf5 30.Rc4 Bxc2 31.Rxc6 Bxa4 32.Rc8+ Kg7 33.c4 Bd7 34.Ra8 Rd6 35.Rxa5 Bf5
36.c5 Rd5 37.Bc4 Rd8 38.c6 Kf6 39.Rxf5+ Kxf5 40.Ba6 e5 41.c7 exf4+ 42.gxf4  1-0

[Event "1st Women's Masters"]
[Site "Belfort FRA"]
[Date "2002.06.29"]
[Round "2"]
[White "Velcheva,M"]
[Black "Muller,A"]
[Result "0-1"]
[WhiteElo "2327"]
[BlackElo "2167"]

1.e4 c5 2.Nc3 Nc6 3.Nge2 d6 4.g3 g6 5.d4 cxd4 6.Nxd4 Bg7 7.Nde2 Nf6 8.Bg2 O-O
9.O-O Bd7 10.a4 Rc8 11.h3 a6 12.Be3 Na5 13.b3 Nc6 14.Qd2 Be8 15.Rad1 Nb4
16.f4 Nh5 17.Rf3 Qc7 18.Bf2 a5 19.g4 Nf6 20.f5 Bd7 21.e5 Ne8 22.f6 exf6 23.exd6 Qd8
24.Rg3 Rb8 25.Nf4 f5 26.gxf5 Bxf5 27.Ne4 Nf6 28.Nxf6+ Qxf6 29.c3 Nc6 30.Bc5 Rfd8
31.Nd5 Qh4 32.Qf2 Be4 33.Bxe4 Qxe4 34.Nf6+ Bxf6 35.Qxf6 Qe6 36.Qxe6 fxe6
37.Re3 b6 38.Ba3 e5 39.b4 axb4 40.cxb4 b5 41.Rd5 bxa4 42.b5 Nd4 43.d7 Kf7
44.Bb4 Rb7 45.Rdxe5 Rdxd7 46.Ra3 Nxb5 47.Rf3+ Kg7 48.Bf8+ Kg8 49.Re8 h5 50.Be7+ Kg7
51.Bf6+ Kf7 52.Ra8 Ke6 53.Rxa4 Rd1+ 54.Kg2 Nd6 55.Bc3 Nf5 56.Re4+ Kd5 57.Ra4 Rbb1
58.Ra5+ Kc6 59.Ra6+ Kb7 60.Ra4 Rg1+ 61.Kf2 Rbf1+ 62.Ke2 Rxf3  0-1

[Event "1st GM"]
[Site "Bogny sur Meuse FRA"]
[Date "2002.07.01"]
[Round "5"]
[White "Rausis,I"]
[Black "Tirard,H"]
[Result "1-0"]
[WhiteElo "2478"]
[BlackElo "2401"]

1.e4 c5 2.Nf3 Nc6 3.Nc3 g6 4.d4 cxd4 5.Nxd4 Bg7 6.Be3 Nf6 7.Bc4 O-O 8.Bb3 d6
9.f3 Bd7 10.Qd2 Qb8 11.h4 b5 12.O-O-O Ne5 13.h5 Nc4 14.Bxc4 bxc4 15.Bh6 Bh8
16.hxg6 fxg6 17.Bxf8 Qxf8 18.Qg5 Bg7 19.Qa5 Kh8 20.Kb1 Qb8 21.Rhe1 Qb7 22.e5 Rb8
23.b3 cxb3 24.axb3 Ne8 25.exd6 exd6 26.Nd5 Nf6 27.Ne6 Bc6 28.Nxf6 Bxf6 29.Rxd6 Be8
30.Nd8  1-0

[Event "5th Comtois Masters"]
[Site "Belfort FRA"]
[Date "2002.07.03"]
[Round "6"]
[White "Bauer,Ch"]
[Black "Hamdouchi,H"]
[Result "1/2-1/2"]
[WhiteElo "2571"]
[BlackElo "2570"]

1.e4 c5 2.Nc3 Nc6 3.Nf3 d6 4.d4 cxd4 5.Nxd4 Nf6 6.Be2 g6 7.O-O Bg7 8.Nb3 O-O
9.Re1 Be6 10.Bf1 d5 11.Nc5 dxe4 12.Nxe6 fxe6 13.Qxd8 Raxd8 14.Bg5 Nd4 15.Rac1 h6
16.Bxf6 exf6 17.Nxe4 f5 18.Nc5 b6 19.Nxe6 Nxe6 20.Bc4 Bxb2 21.Rcd1 Kg7  1/2-1/2

[Event "17th North Sea Cup"]
[Site "Esbjerg DEN"]
[Date "2002.07.05"]
[Round "1"]
[White "Tiviakov,S"]
[Black "Galliamova,A"]
[Result "1-0"]
[WhiteElo "2628"]
[BlackElo "2505"]

1.e4 c5 2.Nc3 Nc6 3.Bb5 Nd4 4.Bc4 e6 5.Nf3 Nxf3+ 6.Qxf3 a6 7.d3 Ne7 8.O-O Nc6
9.Qg3 Nd4 10.Bb3 Qa5 11.Re1 Nxb3 12.cxb3 d6 13.Be3 Bd7 14.d4 cxd4 15.Bxd4 f6
16.Rad1 Kf7 17.e5 Bc6 18.exd6 Rd8 19.Qe3 Qf5 20.Bc5 h5 21.Ne2 Qe4 22.Qxe4 Bxe4
23.Nc3 Bc6 24.Rd3 h4 25.Red1 Rh5 26.Bb6 Rd7 27.Bc7 b5 28.a3 Re5 29.h3 g5
30.Kf1 f5 31.f3 Ke8 32.Kf2 f4 33.b4 Bg7 34.R1d2 Rf5 35.Ne4 Bxe4 36.fxe4 Rf8
37.Rc2 Kf7 38.Rc5 e5 39.a4 Ra8 40.axb5 axb5 41.Rxb5 Ra1 42.Rc5 Bf8 43.Rxe5 Bg7
44.Rxg5 Bxb2 45.b5 Bc1 46.Rdd5  1-0

[Event "Open"]
[Site "Oberwart AUT"]
[Date "2002.07.06"]
[Round "2"]
[White "Kupreichik,V"]
[Black "Bozinovic,Bob"]
[Result "1-0"]
[WhiteElo "2466"]
[BlackElo "2175"]

1.e4 c5 2.Ne2 Nc6 3.Nbc3 g6 4.d4 cxd4 5.Nxd4 Bg7 6.Be3 d6 7.Qd2 Nf6 8.f3 O-O
9.g4 Nxd4 10.Bxd4 Be6 11.h4 Qa5 12.h5 Rfc8 13.h6 Bh8 14.g5 Nh5 15.Bxh8 Kxh8
16.O-O-O Rxc3 17.Qxc3+ Qxc3 18.bxc3 Bxa2 19.e5 Ng3 20.exd6 exd6 21.Rg1 Nxf1
22.Rgxf1 Rd8 23.Rd4 b5 24.Rfd1 d5 25.Re1 Kg8 26.Re7 a5 27.Rf4 Rf8 28.Ra7 a4
29.Kb2 Bc4 30.Ka3 Bf1 31.Rf6 Bh3 32.Rb6 Rc8 33.Rxb5 Be6 34.Rba5 Kf8 35.Ra8 Ke7
36.R5a7+  1-0